[Event "London Classic 9th"]
[Site "London"]
[Date "2017.12.11"]
[Round "9.2"]
[White "Aronian, Levon"]
[Black "Carlsen, Magnus"]
[Result "0-1"]
[WhiteElo "2805"]
[BlackElo "2874"]
[Annotator "Saunders, John"]
[PlyCount "106"]
[EventDate "2017.12.01"]
[EventType "tourn"]
[EventRounds "9"]
[EventCountry "ENG"]
[EventCategory "22"]

1. d4 e6 2. Nf3 c5 3. g3 cxd4 4. Nxd4 Qb6 {Both players are complicit in
avoiding mainstream theory here and it would be hard to put a name to this
unsystematic system. Let's call it the 'Opening with No Name'. That said,
quite a few other theory-dodgers have been this way before.} 5. Bg2 Bc5 6. e3 {
I notice that English IM Richard Bates has three games on the white side in
this position on the database, while GM Nigel Short has three times had the
black side, including one against each other. How about the Bates-Short
opening?} d5 7. Qg4 Bf8 8. O-O Nf6 9. Qe2 e5 ({New territory.} 9... Bd7 {
was played in a game in 2013.}) 10. Qb5+ Bd7 {Black is relatively happy to
have doubled pawns on the b-file than tolerate a white knight causing trouble
on b5 after a queen exchange.} 11. Qxb6 axb6 12. Nb3 Nc6 13. Bd2 Bd6 14. Nc3
Ne7 15. a4 O-O 16. Nb5 Bxb5 17. axb5 {[#]Quite a few engines started to prefer
White hereabouts but perhaps that was because they usually prefer bishops to
knights.} Rac8 18. Bc3 h5 19. Rfd1 {Perhaps the engines were right up to a
point, since White has some pressure against the black centre, and scope to
invade via a7. But it doesn't look like enough to worry Carlsen on a good day.}
Rfd8 20. Nd2 h4 21. Nf3 (21. gxh4 {would give White an inconsequential extra
pawn on the side of the board, and also invite the possibility of} d4 $5 22.
exd4 exd4 23. Bxd4 Bxh2+ 24. Kxh2 Rxd4 {which looks unclear.}) 21... hxg3 22.
hxg3 e4 23. Ng5 (23. Nd4 {looks a more patient option, though it is still hard
to see how White could seek to exploit his slight positional edge.}) 23... Ng6
24. Ra7 Rb8 25. Bd4 Bc5 26. Bxc5 (26. c4 {immediately looks like a useful
option, when Black can try to stay active with} Bxd4 27. Rxd4 Rdc8 $5 {allowing
} 28. cxd5 Rc1+ 29. Bf1 Ne5 {which looks quite tricky. It would be hard to
predict how two such inventive players would handle such a line.}) 26... bxc5
27. c4 Ne7 {[#]It's clear that Black's big pawn centre is being undermined by
the c-pawn and subsequent attacks on the e4-pawn should the d5-pawn move or
disappear. Lesser Black players would be in danger of crumbling but Carlsen
comes up with an active plan and doesn't become too worried about maintaining
a material balance.} 28. cxd5 Nc8 29. Ra4 Nb6 30. Ra3 Nc4 31. Rc3 Nd6 {Setting
up a classic Nimzowitschian blockade but it is only a temporary solution and
needs to be followed up with great accuracy.} 32. Rxc5 {I suspect most players
foreseeing this position a few moves before would have concluded that they
would be two pawns down with only sketchy counterplay on the horizon, but
Carlsen calculates that it is a bit better than that.} Ra8 33. Bh3 {Chatting
in the VIP room, Jon Speelman quickly identified the slight flaw in this plan
as exemplified by Carlsen's accurate reply.} Re8 {This threatens Re5 and the
knight on g5 has had its retreat square on h3 taken away by the bishop.} 34.
Rc7 ({White continues with the aggression.} 34. Bf1 {is also logical, though
it involves moving the same piece twice in succession in different directions.}
) 34... Kf8 {[#]} 35. b6 $2 ({Perhaps} 35. Bf1 {was obligatory now, since
White's coming sacrificial attack proves too speculative and meets with some
vintage Carlsen defence.}) 35... Re5 {Now White has to sacrifice his knight
one way or another since it cannot be defended.} 36. Ne6+ (36. f4 $2 {avoids
losing the knight but after} exf3 37. Nxf3 Rxe3 {leaves White's position
severely weakened.}) (36. Nxf7 Nxf7 37. Rxb7 Nd8 38. Rc7 Rxd5 39. Rxd5 Nxd5 40.
Rc4 Nxb6 41. Rxe4 {and Black has a piece for three pawns, and probably the
better chances of winning.}) 36... fxe6 37. dxe6 Nfe8 {Black's position is
precarious but it hangs together. As is often the problem with sacrificing
material, you have to hit hard and early to exploit a sacrifice and now
White's plan keeps running into snags. Consequently Black gradually takes the
upper hand.} 38. Rd7 Raa5 39. b4 $6 ({A waste of tempo in an increasingly
problematic position.} 39. R1xd6 Nxd6 40. Rxd6 Rad5 {exchanges off White's
remaining rook and probably favours Black in the endgame.}) 39... Rad5 40. Ra1
Rb5 $1 {A simple move to mop up the weak white pawns. White can't generate
enough counterplay to counter this plan and his position starts crumbling.} 41.
Ra8 Rxb6 42. Bg4 Rd5 {An accurate move, preparing the ground for Rxb4 and then
a possible double rook assault on the white king.} 43. Kg2 ({White could
defend the b4-pawn with} 43. Ra4 {but then} Rc6 {and Black proceeds with his
counterattack against the king, having first lured the white rook to a passive
post.}) 43... Rxb4 44. Ra1 Rbb5 (44... Rb2 {seems to work well but the text is
an equally good counter to White swinging his a1 rook over to the kingside.
After 44...Rb2} 45. Rh1 Kg8 46. Bh5 Rf5 $1 {wins as it defends an invasion on
f7 as well as setting up an unstoppable attack on the f2-pawn.}) 45. Be2 (45.
Rh1 {would force} Kg8 {but the king move would stop White's plans in their
tracks as 44...Rbb5 had prevented the possibility of bringing the bishop into
the attack via h5.}) 45... Rb2 46. Bg4 (46. Rh1 Kg8 47. Bh5 Rf5 {wins for
Black as in the note after Black's 44th move.}) 46... Rdd2 47. Kh3 ({If White
goes passive with} 47. Rf1 {the win becomes quite simple with} Nf6 {, etc.})
47... Rxf2 48. Kh4 Rh2+ 49. Bh3 g5+ 50. Kh5 (50. Kg4 Nf6+ 51. Kxg5 Nxd7 {
and the rook is perfectly edible since} 52. exd7 Nf7+ {and the d7-pawn is not
dangerous.}) 50... Rxh3+ 51. Kg6 Rf2 {This involves giving back some material
but Black already has a sufficiency to win.} 52. e7+ Kg8 53. Rxd6 Rh7 ({
The previous day had seen a glut of Carlsen blunders but it would have had to
be a very bad day indeed for him to fall for} 53... Nxd6 $4 54. Ra8+ {with
mate to follow in two moves. After seeing Carlsen's accurate reply, Aronian
could find no further cheapo chances and resigned.}) 0-1

[Event "London Classic 9th"]
[Site "London"]
[Date "2017.12.11"]
[Round "9.4"]
[White "Anand, Viswanathan"]
[Black "So, Wesley"]
[Result "0-1"]
[WhiteElo "2770"]
[BlackElo "2784"]
[Annotator "Saunders, John"]
[PlyCount "66"]
[EventDate "2017.12.01"]
[EventType "tourn"]
[EventRounds "9"]
[EventCountry "ENG"]
[EventCategory "22"]

1. e4 e5 2. Nf3 Nc6 3. Bc4 Bc5 4. O-O Nf6 5. d3 O-O 6. a4 h6 7. c3 a5 8. Nbd2
d6 9. h3 Be6 10. Re1 Bxc4 11. Nxc4 Re8 12. Be3 Bxe3 13. Nxe3 Qd7 14. Qb3 Ne7 {
Black has equalised with some ease. The b7-pawn is taboo and Black intends to
gain space with d5.} 15. Nc4 Ng6 16. Rad1 b6 17. Qc2 {Getting ready to advance
d4 but Black gets in first.} d5 $1 18. exd5 ({Maybe} 18. d4 $5 {anyway, as}
dxc4 19. dxe5 Qe6 20. exf6 Qxf6 {should be equal.}) 18... Qxd5 {Now White has
to deal with the weakness of his d3-pawn.} 19. b3 Rad8 20. d4 {This looks OK
at first sight but White is slightly on the defensive after the exchanges.}
exd4 21. Rxd4 Rxe1+ 22. Nxe1 Qa8 23. Rxd8+ Qxd8 24. Qd3 Qe7 25. Nc2 Nf4 {
Black has a clear initiative and White must reply carefully.} 26. Qd2 N6d5 {[#]
} 27. Kf1 $2 ({There is a tactical response to this move.} 27. Kh2 Qg5 28. g3
Ne6 29. N2e3 Nxe3 30. Nxe3 Qf6 {is still a bit tricky for White but he should
hold with best play.}) 27... Nxc3 $1 28. N4e3 $2 ({A second successive blunder.
} 28. Qxc3 Qe2+ 29. Kg1 Qd1+ 30. Kh2 (30. Qe1 Qxc2 {gives Black a solid
advantage}) 30... Ne2 31. Qe1 Qxc2 {is a bit depressing for White.}) ({However,
} 28. Nxb6 $5 cxb6 29. Qxc3 Qe2+ 30. Kg1 {may be better, one of the
differences being that now White has the possibility in some lines of Qc8+ and
Qf5+ with perpetual check. But Wesley had alternatives to 28...cxb6 in mind as
well, so it could have got quite complicated.}) 28... Ne4 $1 29. Qd4 c5 $1 30.
Qd1 (30. Nf5 $2 {loses to} Ng3+ $1 31. fxg3 Qe2+ {and mates}) (30. Nd5 {
and again} Ng3+ $1 {is lethal}) 30... Qf6 (30... Qh4 {is still stronger:} 31.
g3 Qxh3+ 32. Kg1 Nc3 $1 {is the end. But the text is also very strong and
demands accuracy from White.}) 31. Ng4 (31. Qd7 {, threatening Qe8+ and Qxe4,
keeps up a fighting defence but the text quickly succumbs.}) 31... Qc3 32. Nce3
h5 33. Nh2 Qb2 {To prevent mate, White must lose at least a second pawn.} 0-1